00321nam a2200133Ia 4500008004100000041000800041082001700049100002100066245002700087250000600114260003800120300001100158650001800169210716s1993 xx 000 0 und d aeng a005.133 ABOS aAboirous, Sam A. aLearn c in three days. a1 aNew DelhibBPB Publicationsc1993 aix,189 aC Programming